000 00602pab a2200205 454500
008 180718b2009 xxu||||| |||| 00| 0 eng d
100 _asundaram, Jomo Kwame
245 _aExport-oriented industrialisation, female employment and gender wage equity in East Asia
260 _c2009
300 _ap.41-49.
362 _a3 Jan
650 _aWages - East Asia
650 _aIndustrialization - East Asia
650 _aEmployment - East Asia
650 _aWomens employment - East Asia
650 _aWomens employment
773 _aEconomic and Political Weekly
908 _aN
909 _a80840
999 _c80840
_d80840